000
00269nam a22001337a 4500
020
_a
0-19-567989-X
082
_a
425
_b
SWA/P
100
_a
SWAN, MICHAEL
245
_a
PRACTICAL ENGLISH USAGE
260
_b
OXFORD
300
_a
653
650
_a
VOCABULARY
942
_c
BK
999
_c
3869
_d
3869